Cinco ensayos [de José Enrique Rodó] /
I tiakina i:
| Kaituhi matua: | |
|---|---|
| Ētahi atu kaituhi: | |
| Hōputu: | Pukapuka |
| Reo: | Pāniora |
| Putanga: | 2a edición |
| Rangatū: | (Biblioteca Andrés Bello ;
4) |
| Ngā marau: | |
| Ngā Tūtohu: |
Kāore He Tūtohu, Me noho koe te mea tuatahi ki te tūtohu i tēnei pūkete!
|
MARC
| LEADER | 00000nam^a2200000^a^4500 | ||
|---|---|---|---|
| 001 | 000148051 | ||
| 005 | 20250526000000.0 | ||
| 009 | 20260310100009.231 | ||
| 037 | |a Acervo ITESO - Biblioteca | ||
| 041 | |a ESP | ||
| 082 | |a 868. |b ROD | ||
| 100 | |a Rodó, José Enrique |e (autor) | ||
| 240 | 1 | 1 | |a [Ariel de José Enrique Rodó] |
| 240 | 1 | 1 | |a [Hombres de América] |
| 240 | 1 | 1 | |a [Liberalismo y jacobinismo] |
| 245 | 1 | 0 | |a Cinco ensayos [de José Enrique Rodó] / |c J.E. Rodó ; introd. de Hugo D. Barbagelata. |
| 250 | |a 2a edición | ||
| 264 | |a Madrid, España : |b Editorial América, |c ca. 1915 | ||
| 300 | |a 416 p. ; |c 19.0 cm. | ||
| 440 | 1 | |a (Biblioteca Andrés Bello ; |v 4) | |
| 649 | |a XX | ||
| 650 | |a Políticos Venezolanos | ||
| 650 | |a Independentistas Venezolanos | ||
| 650 | |a Revolucionarios Venezolanos | ||
| 650 | |a Políticos Latinoamericanos | ||
| 650 | |a Escritores Nicaragüenses | ||
| 650 | |a Ensayos Uruguayos | ||
| 650 | |a Jacobinismo - |x Tema Principal | ||
| 650 | |a Liberalismo - |x Tema Principal | ||
| 650 | |a Poesía Nicaragüense - |x Historia y Crítica | ||
| 650 | |a Literatura Nicaragüense - |x Historia y Crítica | ||
| 650 | |a Literatura Nicaragüense - |y Siglo XX | ||
| 650 | |a Literatura Uruguaya - |y Siglo XX | ||
| 650 | |a Modernismo (Literatura) - |z Uruguay | ||
| 650 | |a Modernismo (Literatura) - |z Nicaragua | ||
| 650 | |a Identidad Cultural - |z Latinoamérica - |x Tema Principal | ||
| 650 | |a América del Sur - |x Historia - |y Guerras de Independencia | ||
| 650 | |a Montalvo, Juan - |x Tema Principal | ||
| 650 | |a Bolívar, Simón - |x Tema Principal | ||
| 650 | |a Darío, Rubén - |x Tema Principal | ||
| 700 | |a Barbagelata, Hugo D. |e (prólogo) | ||
| 740 | 0 | |a Montavo / |c J.E. Rodó. | |
| 740 | 0 | |a Ariel / |c J.E. Rodó. | |
| 740 | 0 | |a Bolívar / |c J.E. Rodó. | |
| 740 | 0 | |a Rubén Darío / |c J.E. Rodó. | |
| 740 | 0 | |a Liberalismo y jacobinismo / |c J.E. Rodó. | |
| 910 | |a Fondo Salvador Reynoso Reynoso | ||
| 920 | |a Impresos - Libros | ||
| 930 | |a Libros Antiguos y Raros | ||
| 940 | |a Literatura | ||
| 905 | |a 108 | ||
| 901 | |a 0500078022 |b IT2 |c LRA |u 20250526 | ||
| 902 | |a https://opac.biblio.iteso.mx/vufind/Record/000148051 | ||